000 00909nam a22003017a 4500
003 CHAP
005 20220329141720.0
008 971013s1964 r 00010 d
010 _a72695
011 _a73667
035 _a83225
040 _cCHAP
082 _a462
_bG3
100 0 0 _aGarcía de Diego, Vicente.
_945899
245 _aEtimologías españolas
260 _aMadrid :
_bAguilar,
_c1964
300 _a728 p.
490 _aAguilar. Biblioteca cultura e historia
590 _aBATCH-UPD
_b10
_c20130110
_lUCH01
_h0835
590 _aBATCH-UPD
_b10
_c20130410
_lUCH01
_h0513
590 _aBATCH-UPD
_b10
_c20130914
_lUCH01
_h1334
590 _aCONVERSION
_b10
_c20130109
_lUCH01
_h1340
650 1 4 _aEspañol
_xEtimología.
_937736
830 0 _aAguilar. Biblioteca cultura e historia
_92896
901 _aBK
942 _cLIBRO
949 _a462 G3
_bBC
_cLIBRO
_d33724000442257
_eLIBRO
_h17728
_i83225
_si
999 _c72695
_d72695